000 00325nam a22001337a 4500
008 170504b xxu||||| |||| 00| 0 eng d
020 _a9780471000846
041 _aeng
080 _a342
100 _a13
101 _aSHJ
245 _aECONOMICS ANALYSIS ENVIROMENTAL POLICY REGULATION
_cARNOLD.F.S
942 _2udc
_cBK
999 _c12630
_d12630